Sbírka příkladů z fysikální chemie : [Určeno] pro posl. chem. fak. 2. [díl] /

Hlavní autor: Černý, Čestmír, 1927-2009
Korporativní autor: České vysoké učení technické v Praze
Další autoři: Jäger, Lubomír, 1924-, Erdös, Emerich, 1922-1998
Jazyk: Čeština
Vydáno: Praha : Státní pedagogické nakladatelství, 1952
Vydání: 1. vyd.
Edice: Učební texty vysokých škol
Témata:
Fyzický popis: 81 s. ; 4°
Knihy
Uloženo v:
LEADER 01513nam a2200361 a 4500
001 000483185
003 CZ BrMZK
005 20000105143423.0
007 ta
008 980407s1952 xr f cze d
015 |a cnb000404982 
035 |a (OCoLC)85174275 
040 |a BOA001  |b cze 
100 1 |a Černý, Čestmír,  |d 1927-2009  |7 jk01021517  |4 aut 
245 1 0 |a Sbírka příkladů z fysikální chemie :  |b [Určeno] pro posl. chem. fak.  |n 2. [díl] /  |c Č[estmír] Černý, E[merich] Erdös, L[ubomír] Jäger, J[ulius] Pouchlý 
250 |a 1. vyd. 
260 |a Praha :  |b Státní pedagogické nakladatelství,  |c 1952 
300 |a 81 s. ;  |c 4° 
490 1 |a Učební texty vysokých škol 
500 |a Vyd. Č. vys. učení techn. v Praze 
500 |a Věcný rejstřík 
500 |a 1075 výt. 
500 |a Přehl. lit. 
700 1 |a Jäger, Lubomír,  |d 1924-  |7 jk01050614  |4 aut 
700 1 |a Erdös, Emerich,  |d 1922-1998  |7 jk01030541  |4 aut 
710 2 |a České vysoké učení technické v Praze  |7 kn20010710137 
830 0 |a Učební texty vysokých škol 
910 |a BOA001  |b 4-0294.725,2 
964 |a Chemie fyzikální - příklady - učebnice vysokoškol. 
990 |a BK 
996 7 |b 2619231738  |c 4-0294.725,2  |l MZK  |r Sklad / do 24 hodin  |n 1  |w 000483185  |u 000030  |a 1  |e BOA001  |j MZK50  |s A 
996 7 |b 2619503565  |c 4-0294.725,2  |l MZK  |r Sklad / do 24 hodin  |n 0  |w 000483185  |u 000020  |a 1  |e BOA001  |j MZK50  |s A 
996 7 |b 2619751182  |c 4-0294.725,2  |l MZK  |r Sklad / do 24 hodin  |n 1  |w 000483185  |u 000010  |a 1  |e BOA001  |j MZK50  |s A